Educación y tecnología: un diseño para una experiencia
Saved in:
| Hovedforfatter: | |
|---|---|
| Format: | Bog |
| Sprog: | spansk |
| Udgivet: |
Buenos Aires
El Ateneo
1967
|
| Serier: | Biblioteca Nuevas Orientaciones de la Educación
|
| Fag: | |
| Tags: |
Tilføj Tag
Ingen Tags, Vær først til at tagge denne postø!
|
MARC
| LEADER | 00000nam a2200000 a 4500 | ||
|---|---|---|---|
| 001 | UCU0956 | ||
| 003 | CL-VaPUC | ||
| 008 | 960329e19670000AG |||||||||||||||||spa|d | ||
| 082 | 0 | 4 | |a 371.307 |b TRO |2 21 |
| 100 | 0 | |a Trow, William Clark |e author |9 356478 | |
| 245 | 1 | 0 | |a Educación y tecnología: un diseño para una experiencia |
| 300 | |a 202 p | ||
| 942 | |c BK | ||
| 945 | |d 19960329 00:00:00 |a lriquelm | ||
| 260 | |a Buenos Aires |b El Ateneo |c 1967 | ||
| 650 | 0 | |a Tecnología educacional |9 307265 | |
| 650 | 7 | |a TELEVISION EDUCATIVA |2 CL-VaPUC |9 310717 | |
| 650 | 0 | |a Métodos de enseñanza |9 270413 | |
| 650 | 0 | |a Innovaciones pedagógicas |9 307471 | |
| 650 | 0 | |a Educación básica |9 224933 | |
| 583 | |a last modification |c 20170727 03:45:50 |k Rodrigo Vera | ||
| 490 | 0 | |a Biblioteca Nuevas Orientaciones de la Educación | |
| 999 | |c 245731 |d 245729 | ||
| 952 | |0 0 |1 0 |4 0 |6 371_307000000000000_TRO_1967 |7 0 |8 P |9 260320 |a BIBEDU |b BIBEDU |c BIBEDU_PB |d 2019-11-19 |i 1638734 |o 371.307 TRO 1967 |p 1638734 |r 2024-01-25 |w 2019-11-19 |y BK |k EDU | ||